Cleopatra's needle : an account of the negotiations leading up to its gift to the city of New York by the Khedive of Egypt, its removal and its history and inscriptions, reprinted from "Egypt and its betrayal" /
محفوظ في:
المؤلف الرئيسي:
التنسيق: كتاب
اللغة: Undetermined
منشور في:
New York :
Grafton Press,
1908.
الموضوعات:
الوسوم: إضافة وسم
لا توجد وسوم, كن أول من يضع وسما على هذه التسجيلة!
رقم الطلب: F128.66 .N5 F3
| LEADER | 00791nam a2200157Ia 4500 | ||
|---|---|---|---|
| 008 | 220401s9999||||xx |||||||||||||| ||und|| | ||
| 050 | 4 | |a F128.66 .N5 F3 | |
| 100 | 1 | |a Farman, Elbert Eli | |
| 245 | 1 | 0 | |a Cleopatra's needle : |b an account of the negotiations leading up to its gift to the city of New York by the Khedive of Egypt, its removal and its history and inscriptions, reprinted from "Egypt and its betrayal" / |c Elbert Eli Farman. |
| 264 | 1 | |a New York : |b Grafton Press, |c 1908. | |
| 300 | |a p. 142-192, (7) leaves of plates : |b ill. ; |c 22cm. | ||
| 650 | 1 | 4 | |a Egyptian Languages Inscriptions. |
| 650 | 1 | 4 | |a Egyptology History. |
| 942 | |2 lcc |c BK | ||
| 952 | |0 0 |1 0 |2 lcc |4 0 |6 F012866 N5 F3 |7 1 |9 39182 |a ARCE |b ARCE |d 2022-04-01 |l 0 |o F128.66 .N5 F3 |p 1003596 |r 2022-04-01 00:00:00 |w 2022-04-01 |y BK | ||
| 999 | |c 46763 |d 46763 | ||
